| 000 | 00464nam a2200133 a 4500 | ||
|---|---|---|---|
| 008 | 120416s1967 ||||||||||||||||| || u | ||
| 050 | _aTP 168 Mol | ||
| 100 | _aMolyneux, F | ||
| 245 | 1 | 0 | _aLaboratory exercises in chemical engineering |
| 260 |
_aLondon _bHill _c1967 |
||
| 300 | _axii, 165p. : ill. | ||
| 350 | _a0.00 | ||
| 995 |
_D0.00 _FCBU-MAIN LIBRARY (Kitwe) _H1 _I20.00 _UDAMAGED _ZMain Library Open Access Collection |
||
| 999 |
_c48724 _d48724 |
||